| 000 | 00371nam a22001697a 4500 | ||
|---|---|---|---|
| 003 | UA-OsUOA | ||
| 001 | 1940 | ||
| 007 | ta | ||
| 008 | 20050721b un ||||| |||| 00| 0 ukr d | ||
| 100 | _aDelton | ||
| 700 | _aJudy | ||
| 942 | _cBK | ||
| 040 |
_aUA-OsUOA _cUA-OsUOA _dUA-OsUOA |
||
| 245 |
_aThe mystery of the haunted cabin. _bChildren Lit. |
||
| 955 | _a2 | ||
| 650 | 7 | _2UDC | |
| 999 |
_c288102 _d288102 |
||